000
00200nam a2200085Ia 4500
008
180219s9999 xx 000 0 und d
100
_a
Verma B S
245
0
_a
Shaikshik Anusandhan Vidhiya
260
_a
Agra Sahitya
260
_c
2014
999
_c
42762
_d
42762